000 00635cam a2200193 i 4500
005 20251108175900.0
008 250721s2022 jo gr 000 0 ara d
020 _a9789923751350
082 1 4 _a155.25
_bخ ل ي
100 1 _aخليل، صفاء
_eمؤلف.
245 1 0 _aكن مبادرا في حياتك /
_cد. صفاء محمد خليل .
250 _aالطبعة الأولى.
264 3 1 _aعمان :
_bعصور للنشر والتوزيع،
_c2022.
300 _a220 صفحة.
650 1 7 _aتطوير الذات.
650 1 7 _aالتنمية البشرية.
942 _2ddc
_cBK
999 _c144655
_d144655